پیتل کا گھنٹہ / (Record no. 18950)

MARC details
000 -LEADER
fixed length control field 00610nam a22002057a 4500
005 - DATE AND TIME OF LATEST TRANSACTION
control field 20200528135948.0
010 ## - LCCN (DPL NO)
LC control number UR-7554
020 ## - INTERNATIONAL STANDARD BOOK NUMBER
International Standard Book Number 8182233798
Terms of availability 75.00
035 ## - SYSTEM CONTROL NUMBER
System control number B-283772-776
035 ## - SYSTEM CONTROL NUMBER
System control number U-6109
037 ## - SOURCE OF ACQUISITION
Source of stock number/acquisition BPPD/Pub.
082 ## - DEWEY DECIMAL CLASSIFICATION NUMBER
Classification number ک
100 ## - MAIN ENTRY--PERSONAL NAME
Personal name عبد الستار
245 ## - TITLE STATEMENT
Title پیتل کا گھنٹہ /
Statement of responsibility, etc عبد الستار
246 ## - VARYING FORM OF TITLE
Title proper/short title Pital ka Ghanta /
Remainder of title by Abdul Sattar
260 ## - PUBLICATION, DISTRIBUTION, ETC. (IMPRINT)
Place of publication, distribution, etc دہلی
Name of publisher, distributor, etc ایجوکیشنل پبلشنگ ہاؤس
Date of publication, distribution, etc 2008 ء
270 ## - ADDRESS
Address 3108, Vakil Street, Kucha Pandit, Lal Kuan
City Delhi
Postal code 6
300 ## - PHYSICAL DESCRIPTION
Extent 104p.
Dimensions 22cm(Hb)
942 ## - ADDED ENTRY ELEMENTS (KOHA)
Source of classification or shelving scheme Dewey Decimal Classification
Item type Urdu Bks
Classification part ک
Call number suffix ع ب د
Holdings
Withdrawn status Lost status Not for loan Collection code Home library Current library Date acquired Cost, normal purchase price Full call number Barcode Copy number Cost, replacement price Koha item type Source of acquisition
      Fiction Central Library Central Library 21/11/2008 75.00 ک ع ب د B-283772 1 75.00 Urdu Bks  
    Not For Loan Fiction D.B.Act.Division D.B.Act.Division 07/09/2009 75.00 ک ع ب د U-6109 1 75.00 Urdu Bks DBAD / PUB
      Fiction Karol Bagh Karol Bagh 21/11/2008 75.00 ک ع ب د B-283775 1 75.00 Urdu Bks  
      Fiction Patel Nagar Patel Nagar 21/11/2008 75.00 ک ع ب د B-283773 1 75.00 Urdu Bks  
      Fiction Sarojini Nagar Sarojini Nagar 21/11/2008 75.00 ک ع ب د B-283774 1 75.00 Urdu Bks  
      Fiction Shahdara Branch Shahdara Branch 21/11/2008 75.00 ک ع ب د B-283776 1 75.00 Urdu Bks  

© Delhi Public Library
Hit Counter
free hit counter